| 000 | 00338nam a22001337a 4500 | ||
|---|---|---|---|
| 008 | 170714b xxu||||| |||| 00| 0 eng d | ||
| 020 | _a9780780804227 | ||
| 041 | _aeng | ||
| 080 |
_23RD _a038 |
||
| 100 | _a24 | ||
| 101 | _aFJA | ||
| 245 |
_aHOLIDAYS, FESTIVALS, AND CELEBRATIONS OF THE WORLD DICTIONARY _cHENDERSON,H |
||
| 942 |
_2udc _cBK |
||
| 999 |
_c20940 _d20940 |
||